000 005160000a22001930004500
001 002395
003 MACL
005 20150902130601.0
008 150902b xxu||||| |||| 00| 0 eng d
040 _aMACL
_cMACL
041 _aEnglish
082 _a808/BAN
100 _aBanerjee, Nilanjan
_98542
245 _aNaughty And Lotus Heart
_bThe Okakura-Priyambada Correspindence
_cNilanjan Banerjee
260 _aKolkata
_c2006
_bN.E. Publishers,
350 _a80
650 _aLiterature
_98543
942 _k808
_cBK
_2ddc
999 _c14307
_d14307